| 000 | 00525 a2200181 4500 | ||
|---|---|---|---|
| 003 | OSt | ||
| 005 | 20260305134749.0 | ||
| 008 | 260305b |||||||| |||| 00| 0 eng d | ||
| 020 | _a8171301339 | ||
| 040 | _coclc | ||
| 082 |
_a894.8123 _bBAS/A |
||
| 100 |
_aBasheer, Vaikom Muhammad _97034 |
||
| 245 |
_aANURAGATHINTE DINANGAL / _cVaikom Muhammad Basheer |
||
| 250 | _a19th Ed. | ||
| 260 |
_aKottayam _bD C Books _c2025 |
||
| 300 | _a223 pages | ||
| 942 |
_2ddc _cBK _h894.8123 _iBAS/A _k894.8123 _mBAS/A |
||
| 999 |
_c44622 _d44622 |
||